| 000 | 01425nam a2200373 i 4500 | ||
|---|---|---|---|
| 001 | 12031 | ||
| 003 | KOSZ 005 | ||
| 005 | 20250411062858.0 | ||
| 008 | 160629s1966 pl g 001 0 pol | ||
| 040 |
_aWA N _cKOSZ 005/RW _dKOSZ 005/RW _dKOSZ 005/HR |
||
| 046 | _k1966 | ||
| 080 | _a327(430) | ||
| 080 | _a327(438) | ||
| 100 | 1 |
_aKamiński, Andrzej Józef _d(1921-1985) _eAutor |
|
| 245 | 1 | 0 |
_aŚladami Hakaty : _brola "ziomkostw" w polityce Niemieckiej Republiki Federalnej / _cAndrzej Józef Kamiński. |
| 246 | 3 | 1 | _aRola "ziomkostw" w polityce Niemieckiej Republiki Federalnej. |
| 260 |
_aWarszawa : _b"Książka i Wiedza", _c1966. |
||
| 300 |
_a527, [1] s. ; _c23 cm. |
||
| 336 |
_aTekst _btxt _2rdacontent. |
||
| 337 |
_aBez urządzenia pośredniczącego _bn _2rdamedia. |
||
| 338 |
_aWolumin _bnc _2rdacarrier. |
||
| 380 | _aKsiążki. | ||
| 388 | _a1901- | ||
| 504 | _aBibliogr. s. 469-[486]. Indeks. | ||
| 650 | 4 |
_aZiomkostwa _xpolityka _y1945-1989 r. |
|
| 651 | 4 |
_aNiemcy (Republika Federalna) _xpolityka _zPolska. |
|
| 658 | _aPolityka, politologia, administracja publiczna | ||
| 658 | _aHistoria | ||
| 648 | 4 | _a1901-2000 | |
| 648 | 4 | _a1945-1989 | |
| 710 | 2 |
_aSpółdzielnia Wydawniczo-Handlowa "Książka i Wiedza" _4pbl. |
|
| 856 |
_uhttp://koha.tu.koszalin.pl/cgi-bin/koha/opac-detail.pl?biblionumber=12031 _yKatalog online BPK |
||
| 942 |
_2UKD _cKS |
||
| 999 |
_c12031 _d12031 |
||